Economic and Monetary Union in Europe and Constraintson National Budgetary Policies.

This paper reviews the pros and cons of institutionalized constraints limiting the freedom of national budgetary policies within an Economic and Monetary Union (EMU) in Europe. The issue is approached from three angles: the influence of EMU on (i) budget discipline; (ii) intergenerational equity and...

Повний опис

Бібліографічні деталі
Співавтор: International Monetary Fund
Формат: Журнал
Мова:English
Опубліковано: Washington, D.C. : International Monetary Fund, 1990.
Серія:IMF Working Papers; Working Paper ; No. 1990/060
Онлайн доступ:Full text available on IMF
LEADER 01644cas a2200241 a 4500
001 AALejournalIMF010065
008 230101c9999 xx r poo 0 0eng d
020 |c 5.00 USD 
020 |z 9781451965278 
022 |a 1018-5941 
040 |a BD-DhAAL  |c BD-DhAAL 
110 2 |a International Monetary Fund. 
245 1 0 |a Economic and Monetary Union in Europe and Constraintson National Budgetary Policies. 
264 1 |a Washington, D.C. :  |b International Monetary Fund,  |c 1990. 
300 |a 1 online resource (24 pages) 
490 1 |a IMF Working Papers 
500 |a <strong>Off-Campus Access:</strong> No User ID or Password Required 
500 |a <strong>On-Campus Access:</strong> No User ID or Password Required 
506 |a Electronic access restricted to authorized BRAC University faculty, staff and students 
520 3 |a This paper reviews the pros and cons of institutionalized constraints limiting the freedom of national budgetary policies within an Economic and Monetary Union (EMU) in Europe. The issue is approached from three angles: the influence of EMU on (i) budget discipline; (ii) intergenerational equity and intertemporal efficiency; and (iii) macroeconomic stabilization. The desirability of constraints on budgetary policy is related to the arrangements for EMU-wide monetary policy, the credibility of a no-bailout clause among member states, and progress in the area of supply-side policies. 
538 |a Mode of access: Internet 
830 0 |a IMF Working Papers; Working Paper ;  |v No. 1990/060 
856 4 0 |z Full text available on IMF  |u http://elibrary.imf.org/view/journals/001/1990/060/001.1990.issue-060-en.xml  |z IMF e-Library